| 000 | 00568nam a2200169Ia 4500 | ||
|---|---|---|---|
| 008 | 090711s9999 xx 000 0 und d | ||
| 082 | _b76787 | ||
| 100 | _aगोडबोले अरुण | ||
| 245 | _aदिवस प्रतीक्षेSो | ||
| 260 |
_bकौशिक प्रकाशन _c1995 |
||
| 300 | _a76 | ||
| 600 | _aगोडबोले अरुण | ||
| 630 | _aदिवस प्रतीक्षेSो | ||
| 700 | _aगोडबोले अरुण | ||
| 730 | _aदिवस प्रतीक्षेSो | ||
| 942 | _cBOOK | ||
| 999 |
_c295113 _d295113 |
||